000 00795nam a2200241 a 4500
001 BRCA_6868
005 20190320205625.0
008 101111s1923----gw-ab#####---#000-0#ger-#
041 _ager
044 _agw
050 4 _aDS9
_b.R68 1923
100 1 _aRoss, Colin
_917114
245 1 0 _aDer Weg nach Osten
_bReise durch Russland, Ukraine, Transkaukasien, Persien, Buchara und Torkestan
_cColin Ross
260 _aLeipzig, Alemania
_bF. A. Brockhaus
_c1923
300 _a309 p.
_bil., 50 láminas, 1 mapa
_c20 cm.
500 _aEstado físico: la cubierta posterior se esta desprendiendo
500 _aO59
650 1 4 _aViajeros alemanes
_97026
651 4 _aAsía central
_xDescripción y viajes
_917115
651 4 _aUcrania
_xDescripción y viajes
_917116
902 _aGFM
942 _2lcc
_cB
999 _c6550
_d6550